| 000 -LEADER |
| fixed length control field |
01034nam a2200277Ia 4500 |
| 001 - CONTROL NUMBER |
| control field |
20682 |
| 003 - CONTROL NUMBER IDENTIFIER |
| control field |
GE_BSU |
| 005 - DATE AND TIME OF LATEST TRANSACTION |
| control field |
20221121112001.0 |
| 008 - FIXED-LENGTH DATA ELEMENTS--GENERAL INFORMATION |
| fixed length control field |
181216s||||||||xx |||||||||||||| ||eng|| |
| 020 ## - INTERNATIONAL STANDARD BOOK NUMBER |
| International Standard Book Number |
9780323036054x |
| 040 ## - CATALOGING SOURCE |
| Transcribing agency |
GE_BSU |
| 041 ## - LANGUAGE CODE |
| Language code of text/sound track or separate title |
eng |
| 080 ## - UNIVERSAL DECIMAL CLASSIFICATION NUMBER |
| Universal Decimal Classification number |
611(048.4) A-26 |
| 100 ## - MAIN ENTRY--PERSONAL NAME |
| Personal name |
Abrahams, Peter H. |
| 9 (RLIN) |
10318 |
| 245 ## - TITLE STATEMENT |
| Title |
McMinn's Clinical Atlas of Human Anatomy with DVD / |
| Statement of responsibility, etc. |
Peter H. Abrahams, Johannes Boon, Jonathan D. Spratt. |
| 250 ## - EDITION STATEMENT |
| Edition statement |
sixth edition |
| 264 ## - PRODUCTION, PUBLICATION, DISTRIBUTION, MANUFACTURE, AND COPYRIGHT NOTICE |
| Place of production, publication, distribution, manufacture |
London : |
| Name of producer, publisher, distributor, manufacturer |
Elsevier, |
| Date of production, publication, distribution, manufacture, or copyright notice |
2008. |
| 300 ## - PHYSICAL DESCRIPTION |
| Extent |
386 p. ; |
| Dimensions |
28 cm. |
| 653 ## - INDEX TERM--UNCONTROLLED |
| keyword |
McMinn's Clinical Atlas of Human Anatomy with DVD |
| 653 ## - INDEX TERM--UNCONTROLLED |
| keyword |
Клинический атлас человеческой анатомии Макминна |
| 653 ## - INDEX TERM--UNCONTROLLED |
| keyword |
კლინიკური ატლასი ადამიანის ანატომია |
| 653 ## - INDEX TERM--UNCONTROLLED |
| keyword |
მედიცინა |
| 700 ## - ADDED ENTRY--PERSONAL NAME |
| Personal name |
Boon, Johannes. |
| Titles and other words associated with a name |
By |
| 9 (RLIN) |
10319 |
| Relator term |
ავტორი |
| 700 ## - ADDED ENTRY--PERSONAL NAME |
| Personal name |
Spratt, Jonathan D. |
| Relator term |
ავტორი |
| 9 (RLIN) |
10320 |
| 942 ## - ADDED ENTRY ELEMENTS (KOHA) |
| Koha item type |
წიგნი |
| Source of classification or shelving scheme |
|